Loading...
| Literature - British | 0 | 8 | 1 | 0 | 75 | 59 | 103.25 | 0 | 1 | 14.17 | 32.76 |
| Literature - European | 0 | 6 | 1 | 0 | 55 | 108 | 125.00 | 0 | 1 | 5.46 | 24.36 |
| Literature - World | 0 | 5 | 0 | 0 | 50 | 116 | 123.20 | 0 | 1 | 4.76 | 21.04 |
| History - Other | 0 | 5 | 0 | 1 | 50 | 98 | 117.60 | 0 | 0 | 4.24 | 16.01 |
| Literature - American | 0 | 5 | 0 | 3 | 50 | 111 | 134.40 | 0 | 0 | 3.89 | 10.62 |
| Fine Arts - Other | 0 | 4 | 0 | 0 | 40 | 71 | 97.00 | 0 | 1 | 7.96 | 16.38 |
| Fine Arts - Painting & Sculpture | 0 | 4 | 2 | 0 | 30 | 68 | 95.25 | 1 | 2 | 7.19 | 18.80 |
| Social Science | 0 | 3 | 1 | 1 | 25 | 82 | 111.33 | 0 | 1 | 2.14 | 9.49 |
| Mythology | 0 | 2 | 0 | 0 | 20 | 117 | 125.00 | 0 | 0 | 3.54 | 13.54 |
| Philosophy | 0 | 2 | 0 | 1 | 20 | 95 | 115.00 | 0 | 1 | 1.62 | 6.06 |
| Other Academic | 0 | 2 | 1 | 0 | 15 | 71 | 90.50 | 0 | 0 | 7.31 | 17.31 |
| Religion | 0 | 1 | 0 | 0 | 10 | 117 | 117.00 | 0 | 0 | 0.38 | 2.80 |
| Science - Physics | 0 | 1 | 0 | 0 | 10 | 53 | 53.00 | 0 | 1 | 3.67 | 5.35 |
| History - World | 0 | 1 | 1 | 1 | 5 | 142 | 142.00 | 0 | 0 | -0.04 | 0.25 |
| History - European | 0 | 1 | 1 | 0 | 5 | 70 | 70.00 | 0 | 1 | 2.83 | 5.39 |
| Science - Other | 0 | 1 | 1 | 0 | 5 | 86 | 86.00 | 0 | 1 | 1.96 | 5.65 |
| Science - Biology | 0 | 0 | 0 | 0 | 0 | 0.00 | 0 | 0 | 0.00 | 0.00 | |
| Current Events | 0 | 0 | 1 | 0 | -5 | 0.00 | 0 | 0 | 0.00 | 0.00 |